000 01025nam a2200337 a 4500
005 20200104041523.0
008 140120b1997 ck ||||| |||| 00| 0 spa d
041 _aspa
044 _ack
090 _aIAvH
_b00082
110 _bFundación Erigaie
_94311
111 _aSeminario Taller
_cArqueología y Biodiversidad
_d97
_927610
245 _aArqueología y biodiversidad
_bSeminario Taller
260 _aVilla de Leyva (Boyacá)
_bInstituto Alexander von Humboldt
_c1997
300 _a57 p.
650 _aArqueología
_94313
650 _aBiodiversidad
_992204
650 _aPaleoambiente
_94314
650 _aEcología
_992250
650 _aPaleoecología
_9148
650 _aHumedales
_927614
650 _aGeomorfología
_927615
650 _aAsentamientos humanos
_94315
650 _aManejo de ecosistemas
_992251
650 _aEcología del paisaje
_992227
650 _aPaleobotánica
_94317
650 _aEconomía
_927616
650 _aSostenibilidad
_927617
662 _aColombia
942 _cINFORME
_2z
999 _c1714
_d1714